| 000 | 01200nab a2200193 i 4500 | ||
|---|---|---|---|
| 001 | 768714001 | ||
| 003 | CO-MdFUSB | ||
| 005 | 20221103174324.0 | ||
| 008 | 221103s2002 sp ||||| |||| 00| 0 spa d | ||
| 040 |
_bspa _cCO-MdFUSB _dCO-MdFUSB |
||
| 041 | _aspa | ||
| 100 |
_aFerreira, Francisco Whitaker, _eautor |
||
| 245 |
_aIglesia y política en el Brasil actual _c/ Francisco Whitaker Ferreira |
||
| 300 |
_aNúmero 296, (Junio 2002), páginas 137- 144 _c ; 21 cm |
||
| 520 | _aLos grandes problemas a los que se enfrenta hoy Brasil, en el campo de la política, son de naturaleza ética: la desigualdad social y los comportamientos de los responsables políticos. El primero de carácter estructural y el segundo de ámbito personal, se retroalimentan: la estructura económica que crea desigualdad es consecuencia de una cultura política individualista, que estimula la búsqueda del poder personal y la riqueza; los cambios estructurales no tienen interés para los privilegiados, entre los que se encuentran los responsables políticos. | ||
| 653 | _aiglesia y política | ||
| 773 | 0 |
_049450 _960416 _oR0330 _tRevista internacional de teología Concilium _w(CO-MdFUSB)8 _x0210-1041 |
|
| 942 | _cANA | ||
| 999 |
_c68329 _d68329 |
||